Central Library OPAC University of Rajshahi

Modern classical philosophers: (Record no. 1150)

MARC details
000 -LEADER
fixed length control field 00825cam a22002651 4500
001 - CONTROL NUMBER
control field 1150
003 - CONTROL NUMBER IDENTIFIER
rucl marc code BD-RjUL
005 - DATE AND TIME OF LATEST TRANSACTION
control field 20211208233301.0
008 - FIXED-LENGTH DATA ELEMENTS--GENERAL INFORMATION
fixed length control field 13 s1952 xx 001 0 eng
035 ## - SYSTEM CONTROL NUMBER
System control number (BD-RjUL)1172
System control number (OCoLC)937854
040 ## - CATALOGING SOURCE
Original cataloging agency DLC
Transcribing agency OAU
Modifying agency OCoLC
-- DLC
Language of cataloging eng
041 ## - LANGUAGE CODE
Language code of text/sound track or separate title eng
082 ## - DEWEY DECIMAL CLASSIFICATION NUMBER
Edition number 16
Classification number 100
Author mark and year RAM 1952
100 1# - MAIN ENTRY--PERSONAL NAME
Personal name Rand, Benjamin,
Dates associated with a name 1856-1934,
9 (RLIN) 3407
245 10 - TITLE STATEMENT
Title Modern classical philosophers:
Remainder of title selections illustrating modern philosophy from Bruno to Spencer/
Statement of responsibility, etc. comp. by Benjamin Rand.
260 ## - PUBLICATION, DISTRIBUTION, ETC. (IMPRINT)
Place of publication, distribution, etc. Boston;
-- New York:
Name of publisher, distributor, etc. Houghton, Mifflin and company,
Date of publication, distribution, etc. c1908.
300 ## - PHYSICAL DESCRIPTION
Pagination xiii, 740 p.
Size 23 cm.
526 ## - STUDY PROGRAM INFORMATION NOTE
Requested Dept. Philosophy
650 #0 - SUBJECT ADDED ENTRY--TOPICAL TERM
Topical term or geographic name as entry element Philosophy, Modern
General subdivision History.
9 (RLIN) 3408
Topical term or geographic name as entry element Philosophy, Modern.
9 (RLIN) 3409
942 ## - ADDED ENTRY ELEMENTS (KOHA)
Source of classification or shelving scheme Dewey Decimal Classification
Koha item type Books
Holdings
Lost status Source of classification or shelving scheme Damaged status Not for loan Collection code Permanent Location Current Location Shelving location Date acquired Source of acquisition Cost, normal purchase price Total Checkouts Full call number Date last seen Copy number Koha item type
  Dewey Decimal Classification     Non-fiction Central Library, University of Rajshahi Central Library, University of Rajshahi   27/12/1968 Zeitlinger 92.00   100 RAM 1952 25/11/2013 C-9 Books